000 01099nam a22003253a 4500
003 MX-MxUPN
005 20250105020432.0
008 011001s1997 mx fr 000 0 spa d
020 _a9682997178
020 _a9789682997174
035 _aUPN01000112319
040 _aMX-MxUPN
_bspa
041 _aspa
_hfre
050 4 _aF1221 N3
_bT6.38
100 1 _aToumi, Sybille
_955089
245 1 0 _aDe palabras y maravillas :
_bensayo sobre la lengua y la cultura de los nahuas : sierra norte de Puebla
260 _aMéxico :
_bConsejo Nacional para la Cultura y las Artes :
_bCentro Francés de Estudios Mexicanos y Centroamericanos,
_c1997.
300 _a219 páginas
490 0 _aRegiones
504 _aIncluye referencias bibliografías
530 _aTambién disponible en línea
650 7 _aNahuas
_xHistoria
_918094
650 4 _aIndígenas de México
_xLenguas
_913865
650 4 _aNAHUATL
_9235
700 1 _aOchoa, Ángela
_955088
_etraducción
856 4 1 _uhttps://doi.org/10.4000/books.cemca.1735
902 _bMaríaRobles/040125
905 _aLibro
942 _2lcc
_cLIBRO
999 _c86227
_d86227